000 004260000a22001690004500
003 MACL
005 20151230122913.0
008 151230b xxu||||| |||| 00| 0 eng d
040 _aMACL
_cMACL
041 _aEnglish
082 _a307.3362/NAY
100 _aNayar, Kuldip
_924723
245 _aDistant Neighbours
260 _bVikash Publishing House
_c1972
650 _asociology Science
_917652
942 _cBK
_k307/Nay
_2ddc
999 _c35999
_d35999